Catálogo público

Evaluación del comportamiento productivo y reproductivo de vacas Holstein con diferentes características productivas asignadas al mismo régimen / Carlos Delfino Herrera Monsalvo (Record no. 216969)

MARC details
000 -CABECERA
campo de control de longitud fija 00836nam a2200205Ia 4500
001 - NÚMERO DE CONTROL
campo de control Z_5462
008 - DATOS DE LONGITUD FIJA--INFORMACIÓN GENERAL
campo de control de longitud fija 220601s9999 xx 000 0 und d
090 ## - LOCALMENTE ASIGNADO TIPO-LC NÚMERO DE CLASIFICACIÓN (OCLC); NÚMERO DE CLASIFICACIÓN LOCAL (RLIN)
Número de clasificación (OCLC) (R) ; Numero de clasificación, CALL (RLIN) (NR) Tesis H 1970
100 ## - ENTRADA PRINCIPAL--NOMBRE DE PERSONA
Nombre de persona Herrera Monsalvo, Carlos Delfino
9 (RLIN) 54912
245 ## - MENCIÓN DE TÍTULO
Título Evaluación del comportamiento productivo y reproductivo de vacas Holstein con diferentes características productivas asignadas al mismo régimen / Carlos Delfino Herrera Monsalvo
260 ## - PUBLICACIÓN, DISTRIBUCIÓN, ETC.
Lugar de publicación, distribución, etc. Chapingo, Méx. : El autor
300 ## - DESCRIPCIÓN FÍSICA
Extensión 82 h.82 h.
502 ## - NOTA DE TESIS
Nota de tesis Tesis (Ing. Agr. Esp. en Zootecnia) -- UACH. Departamento de Zootecnia
650 ## - PUNTO DE ACCESO ADICIONAL DE MATERIA--TÉRMINO DE MATERIA
Término de materia o nombre geográfico como elemento de entrada 1. Ganado Holstein 2. Ganado lechero - Reproducción 3. Ganado lechero - ProducciónÌ
9 (RLIN) 182387
901 ## - ELEMENTOS DE DATOS A LOCAL LDA (RLIN)
a TESIS H 1970
902 ## - ELEMENTOS DE DATOS B LOCAL, LDB (RLIN)
a M
905 ## - ELEMENTOS DE DATOS E LOCAL, LDE (RLIN)
a 0000002006 0000000000 00
942 ## - ELEMENTOS DE PUNTO DE ACCESO ADICIONAL (KOHA)
Tipo de ítem Koha Tesis_
Holdings
Estado de retiro Estado de pérdida Fuente del sistema de clasificación o colocación Estado dañado No para préstamo Código de colección Localización permanente Ubicación/localización actual Ubicación en estantería Fecha de adquisición Total de préstamos Código de barras Fecha visto por última vez Número de copia Precio válido a partir de Tipo de ítem Koha Nota pública Restricciones de uso
    Clasificación Universidad Autónoma de Chapingo     Tesis Zootecnia Zootecnia   05/12/2006   zt_3343 02/06/2022 2 02/06/2022 Tesis 3  
    Clasificación Universidad Autónoma de Chapingo     Tesis Zootecnia Zootecnia   05/12/2006   zt_3332 02/06/2022 1 02/06/2022 Tesis 3 Préstamo interno